Normal view
MARC view
- Tucker, Allen B Cupper, Robert D Bradley, W. James
Entry Personal Name
001 - CONTROL NUMBER
- control field: 75542
003 - CONTROL NUMBER IDENTIFIER
- control field: NUST
005 - DATE AND TIME OF LATEST TRANSACTION
- control field: 20210628205432.0
008 - FIXED-LENGTH DATA ELEMENTS
- fixed length control field: 210628|| aca||aabn | a|a d
040 ## - CATALOGING SOURCE
- Original cataloging agency: NUST
- Transcribing agency: NUST
100 ## - HEADING--PERSONAL NAME
- Personal name: Tucker, Allen B Cupper, Robert D Bradley, W. James
670 ## - SOURCE DATA FOUND
- Source citation: Work cat.: (NUST): Tucker, Allen B Cupper, Robert D Bradley, W. James, Fundamentals of computing ii abstraction data structures and large software systems, 1995
